MLB Cities - Sudden Death - Statistics

General Stats
  • This quiz has been taken 750 times
  • The average score is 20 of 26
Answers on the Grid
Answers color-coded by a green-red scale on the quiz's grid according to % correct below.
Atlanta
Austin
Baltimore
Boston
Buffalo
Chicago
Cincinnati
Cleveland
Dallas
Denver
Detroit
El Paso
Green Bay
Honolulu
Houston
Indianapolis
Jacksonville
Kansas City
Los Angeles
Memphis
Miami
Milwaukee
Minneapolis
Mobile
Monterrey
Montreal
Nashville
New York
Oklahoma City
Omaha
Philadelphia
Phoenix
Pittsburgh
Portland
Richmond
Salt Lake City
San Antonio
San Diego
San Francisco
San Juan
Savannah
Seattle
Spokane
St. Louis
Tampa
Toronto
Vancouver
Washington
 
Answer Stats
Answer % Correct
Atlanta
95%
Boston
90%
Chicago
87%
Detroit
85%
Los Angeles
85%
Baltimore
84%
New York
83%
Cleveland
81%
Cincinnati
80%
Houston
80%
Miami
80%
Toronto
79%
Philadelphia
78%
Denver
77%
Pittsburgh
77%
San Francisco
76%
Seattle
76%
San Diego
75%
Milwaukee
74%
Washington
74%
Kansas City
73%
St. Louis
72%
Tampa
72%
Dallas
70%
Minneapolis
70%
Phoenix
65%
No matching quizzes found
Score Distribution
Percent of People with Each Score
Percentile by Number Answered
Your Score History
You have not taken this quiz